|
|
|
|
| LEADER |
00000nam a22000007a 4500 |
| 005 |
20171001225449.0 |
| 007 |
cr|||| |||| |
| 008 |
171001s2014 mx |||||s||||f00||0 spa d |
| 020 |
|
|
|a 978-607-401-799-1
|
| 035 |
|
|
|a 20675
|
| 040 |
|
|
|a vLex
|
| 090 |
|
|
|c 7044
|d 7044
|
| 100 |
1 |
|
|a Ramr̕ez Kuri, Patricia
|
| 245 |
1 |
3 |
|a Las disputas por la ciudad
|h [Recurso electrn̤ico] :
|b Espacio social y espacio pb︢lico en contextos urbanos de Latinoamřica y Europa /
|c Patricia Ramr̕ez Kuri
|
| 256 |
|
|
|a Servicio en ln̕ea
|
| 260 |
|
|
|a Ciudad de Mx̌ico:
|b Cm̀ara de Diputados,
|c 2014
|
| 300 |
|
|
|a 1 recurso electrn̤ico
|
| 500 |
|
|
|a Este libro ren︢e un repertorio de textos conceptuales y empr̕icos que desde enfoques disciplinarios diferentes nos acercan a los procesos urbanos contemporǹeos que se producen en el espacio pb︢lico de distintas ciudades. En el contexto econm̤ico del capitalismo flexible y de la sociedad de la informacin̤, estos procesos han transformado la estructura social y urbana, la relacin̤ entre ciudadana̕ e instituciones, las formas organizativas y la vida pb︢lica que revela la exclusin̤ social derivada de las nuevas realidades. En esta ln̕ea de reflexin̤ y con el props̤ito de contribuir al debate sobre la ciudad, los autores nos introducen a la experiencia urbana en el espacio de lugares donde la gente habita y establece relaciones de poder y de conflicto, de proximidad o lejana̕, de pertenencia y de solidaridad. Abordan las relaciones sociales entre actores urbanos heterogňeos y los fenm̤enos que surgen en contextos donde convergen tendencias antagn̤icas, posiciones distintas e incompatibles y formas de desigualdad y pobreza que degradan la condicin̤ de ciudadana̕. A travš de las diversas contribuciones, el libro nos introduce al espacio percibido y practicado, vivido y representado, en lugares referentes de identidad como centros histr̤icos, plazas y calles que son sm̕bolo de las trayectorias urbanas cotidianas. De otra parte, a fenm̤enos urbanos tales como la informalidad, la inseguridad, la segregacin̤, la violencia y el temor. Los temas, la produccin̤ social y simbl̤ica del espacio y de lo pb︢lico urbano en contextos histr̤ico-sociales y polt̕icos diferentes, a travš de relaciones y de prc̀ticas que generan formaciones fs̕ico-sociales especf̕icas que nos introducen a la manera diferenciada y desigual de ser ciudadano, y a concepciones diferentes de ciudad y de lo pb︢lico: como espacio de la democracia participativa, como espacio de la ciudadana̕, como espacio polt̕ico, como lugar de encuentro y de relacin̤, de sociabilidad, de comunicacin̤ y de expresin̤, de trabajo, de vida, de movilidad y de conflicto. Esta obra colectiva aporta ideas para repensar las polt̕icas urbanas, la vida pb︢lica y el sentido del derecho a la ciudad.
|
| 506 |
1 |
|
|a Disponible solo en los productos indicados
|d vLex Global
|d vLex Global (Academic Edition, excluding Law Schools)
|d vLex Global (U.S. Academic Edition, Law Schools)
|d vLex Global (U.S. Academic Edition, excluding Law Schools)
|d vLex Global (Academic Edition, Law Schools)
|
| 650 |
0 |
4 |
|a Derecho Pb︢lico y Administrativo
|z Mx̌ico
|
| 650 |
0 |
4 |
|a Urbanismo
|z Mx̌ico
|
| 740 |
0 |
|
|a vLex Libros (Servicio en ln̕ea)
|
| 856 |
4 |
0 |
|u http://vlex.com/source/disputas-por-la-ciudad-espacio-social-y-espacio-publico-en-contextos-urbanos-de-latinoamerica-y-europa-20675
|z Acceso restringido
|
| 942 |
|
|
|c BOOK
|
| 999 |
0 |
|
|a Public and Administrative Law
|
| 999 |
0 |
|
|a Urbanism
|